A bibliographic index of North American late Paleozoic Hyolitha, Amphineura, Scaphopoda, and Gastropoda; (Record no. 30373)

MARC details
000 -LEADER
fixed length control field 01178cam a2200265 4500
001 - CONTROL NUMBER
control field gs 67000286
003 - CONTROL NUMBER IDENTIFIER
control field DLC
005 - DATE AND TIME OF LATEST TRANSACTION
control field 20260227111421.0
008 - FIXED-LENGTH DATA ELEMENTS--GENERAL INFORMATION
fixed length control field 690624s1967 dcu b 000 0 eng c
010 ## - LIBRARY OF CONGRESS CONTROL NUMBER
LC control number gs 67000286
040 ## - CATALOGING SOURCE
Original cataloging agency U.S. Geol. Survey. Library
Transcribing agency DLC
Modifying agency DLC
050 00 - LIBRARY OF CONGRESS CALL NUMBER
Classification number QE75
Item number .B9 no. 1210
082 00 - DEWEY DECIMAL CLASSIFICATION NUMBER
Classification number 016.564/3
100 1# - MAIN ENTRY--PERSONAL NAME
Personal name Yochelson, Ellis L.
Fuller form of name (Ellis Leon),
Dates associated with a name 1928-2006.
245 12 - TITLE STATEMENT
Title A bibliographic index of North American late Paleozoic Hyolitha, Amphineura, Scaphopoda, and Gastropoda;
Remainder of title an objective paleontologic compliation through 1966 extended from and including references in a similar index by Stuart Weller, 1898.
Statement of responsibility, etc. Edited by Ellis L. Yochelson and Burnett W. Saunders.
260 ## - PUBLICATION, DISTRIBUTION, ETC.
Place of publication, distribution, etc. Washington,
Name of publisher, distributor, etc. U.S. Govt. Print. Off.,
Date of publication, distribution, etc. 1967.
300 ## - PHYSICAL DESCRIPTION
Extent iii, 271 p.
Dimensions 24 cm.
490 1# - SERIES STATEMENT
Series statement United States. Geological Survey. Bulletin
Volume/sequential designation 1210
504 ## - BIBLIOGRAPHY, ETC. NOTE
Bibliography, etc. note Bibliography: p. 12-13.
650 #0 - SUBJECT ADDED ENTRY--TOPICAL TERM
Topical term or geographic name entry element Mollusks, Fossil
Geographic subdivision North America
General subdivision Bibliography.
650 #0 - SUBJECT ADDED ENTRY--TOPICAL TERM
Topical term or geographic name entry element Paleontology
Geographic subdivision North America
General subdivision Bibliography.
650 #0 - SUBJECT ADDED ENTRY--TOPICAL TERM
Topical term or geographic name entry element Paleontology
Chronological subdivision Paleozoic
General subdivision Bibliography.
700 1# - ADDED ENTRY--PERSONAL NAME
Personal name Saunders, Burnett W.,
Relator term joint author.
830 #0 - SERIES ADDED ENTRY--UNIFORM TITLE
Uniform title Geological Survey bulletin ;
Volume/sequential designation 1210.

No items available.

Powered by Koha